000 00472nmm a2200169Ia 4500
008 251105s9999||||xx |||||||||||||||||und||
020 _a8477371016
041 _aspa
100 _aRico, Juan Carlos
245 0 _a¿Por qué no vienen a los museos?
264 _a[Madrid, España] :
_bSílex Ediciones,
_c2002
300 _a178 páginas
490 _aMuseología
650 _aArts in general
856 _uhttps://public.digitaliapublishing.com/a/1374
942 _cCF
999 _c73454
_d73454